Pokémon - Pokémon de la Team Rocket - Statistiques

Statistiques générales
  • Ce quiz a été pris 5 fois
  • Le résultat moyen est 3 sur 12
Statistiques - réponses
Dresseur Pokémon % Correct
Jessie Qulbutoké
80%
Jessie Chovsourir
40%
Jessie Séviper
40%
James Vortente
40%
Jessie Banshitrouye
20%
James Mime Junior
20%
James Sepiatop
20%
Jessie Viskuse
20%
James Gaulet
0%
James Morpeko
0%
James Tutafeh
0%
Jessie Yanmega
0%
Aucun quiz correspondant
Distribution des résultats
% des personnes avec chaque résultat
Percentile par nombre de réponses
Votre historique - résultats
Vous n’avez pas pris ce quiz